| 000 | 00828nam a2200253 a 4500 | ||
|---|---|---|---|
| 001 | BRL_1775 | ||
| 005 | 20190320211350.0 | ||
| 008 | 290715s1955----mx-a######---#000-0#spa-# | ||
| 041 | _aspa | ||
| 044 | _amx | ||
| 050 | 4 |
_aF1435 _b.R89 1955 |
|
| 100 | 1 |
_aRuz Lhuillier, Alberto _d1906-1979 _923585 |
|
| 245 | 1 | 0 |
_aUxmal- Kabah - Sayil _btemporada 1953 _cAlberto Ruz Lhuillier |
| 260 |
_aMéxico _bInstituto Nacional de Antropología e Historia _c1955 |
||
| 300 |
_a27 p. _bil. _c23 cm. |
||
| 440 | 0 |
_aDirección de Monumentos Pre-hispánicos. Informes _v1 _927843 |
|
| 500 | _aAu1956 | ||
| 651 | 4 |
_aMayas _xAntigüedades _927844 |
|
| 651 | 4 |
_aKabah (Yucatán) _xAntigüedades _927845 |
|
| 651 | 4 |
_aSayil (Yucatán) _xAntigüedades _927846 |
|
| 651 | 4 |
_aUxmal (Yucatán) _xAntigüedades _927847 |
|
| 902 | _aGRL | ||
| 942 |
_2lcc _cB |
||
| 999 |
_c10583 _d10583 |
||